<?xml version="1.0" encoding="UTF-8"?>
<record
    xmlns:xsi="http://www.w3.org/2001/XMLSchema-instance"
    xsi:schemaLocation="http://www.loc.gov/MARC21/slim http://www.loc.gov/standards/marcxml/schema/MARC21slim.xsd"
    xmlns="http://www.loc.gov/MARC21/slim">

  <leader>01583nas a2200277Ia 4500</leader>
  <controlfield tag="001">L263-47633</controlfield>
  <controlfield tag="003">IT-CnALBA</controlfield>
  <controlfield tag="008">170116c99999999xx ||||||||||||   ||und||</controlfield>
  <datafield tag="040" ind1=" " ind2=" ">
    <subfield code="a">IT-CnALBA</subfield>
    <subfield code="c">IT-CnALBA</subfield>
  </datafield>
  <datafield tag="041" ind1=" " ind2=" ">
    <subfield code="a">ITALIANO</subfield>
  </datafield>
  <datafield tag="100" ind1=" " ind2=" ">
    <subfield code="a">OLDANI GUIDO</subfield>
  </datafield>
  <datafield tag="210" ind1=" " ind2=" ">
    <subfield code="a">LUOGHI DELL'INFINITO</subfield>
  </datafield>
  <datafield tag="222" ind1=" " ind2=" ">
    <subfield code="a">LUOGHI DELL'INFINITO</subfield>
  </datafield>
  <datafield tag="245" ind1=" " ind2="0">
    <subfield code="a">LUOGHI DELL'INFINITO. LUGLIO-AGOSTO 1998. </subfield>
  </datafield>
  <datafield tag="250" ind1=" " ind2=" ">
    <subfield code="a">1a ed.</subfield>
  </datafield>
  <datafield tag="260" ind1=" " ind2=" ">
    <subfield code="a">MILANO</subfield>
    <subfield code="b">AVVENIRE NUOVA ED. ITALIANA </subfield>
    <subfield code="c">1998 [1&#xB0; Ed.:1998 - Ed.Ling.Originale: 1998]</subfield>
  </datafield>
  <datafield tag="300" ind1=" " ind2=" ">
    <subfield code="a">82 p. </subfield>
  </datafield>
  <datafield tag="310" ind1=" " ind2=" ">
    <subfield code="a">MENSILE</subfield>
  </datafield>
  <datafield tag="362" ind1=" " ind2=" ">
    <subfield code="a">Fascicolo: 10 / Anno: 2 (1998)</subfield>
  </datafield>
  <datafield tag="500" ind1=" " ind2=" ">
    <subfield code="a">CHIESE RUPESTRI IN PUGLIA. I SANTI DEI GIUBILEI. PIACENZA, SULLE ORME DI SIGERICO. ZUCCHINI G. L. AMBESI C. A. POESIE E INFINITO. MAEST&#xC0; E PASSIONE. L'ANGELO DI MOS&#xC8;. MUSICHE E MITI. CRISTIANESIMO SOTTERRANEO. IL VIAGGIO PI&#xD9; LUNGO, HAMMARSKIOLD. LA BRETAGNA DEL GRANDE PERDONO. ORISSA, CITT&#xC0; SANTA DEGLI INDU''. L'AGLIATA DI TEOFILO FRATE. LA CORONA SEGNO DEL POTERE DALL'ALTO. </subfield>
  </datafield>
  <datafield tag="501" ind1=" " ind2=" ">
    <subfield code="a">Societ&#xE0; San Paolo EM - Piazza San Paolo, 14 - 12051 ALBA (CN)  (non commercial uses only) &#xAE; Copyright 2017</subfield>
  </datafield>
  <datafield tag="520" ind1=" " ind2=" ">
    <subfield code="a">CHIESE RUPESTRI IN PUGLIA. I SANTI DEI GIUBILEI. PIACENZA, SULLE ORME DI SIGERICO. ZUCCHINI G. L. AMBESI C. A. POESIE E INFINITO. MAEST&#xC0; E PASSIONE. L'ANGELO DI MOS&#xC8;. MUSICHE E MITI. CRISTIANESIMO SOTTERRANEO. IL VIAGGIO PI&#xD9; LUNGO, HAMMARSKIOLD. LA BRETAGNA DEL GRANDE PERDONO. ORISSA, CITT&#xC0; SANTA DEGLI INDU''. L'AGLIATA DI TEOFILO FRATE. LA CORONA SEGNO DEL POTERE DALL'ALTO. </subfield>
  </datafield>
  <datafield tag="650" ind1=" " ind2=" ">
    <subfield code="a">LUOGHI SACRI</subfield>
  </datafield>
  <datafield tag="942" ind1=" " ind2=" ">
    <subfield code="c">CR</subfield>
  </datafield>
  <datafield tag="957" ind1=" " ind2=" ">
    <subfield code="7">1</subfield>
  </datafield>
  <datafield tag="999" ind1=" " ind2=" ">
    <subfield code="a">54150</subfield>
    <subfield code="b">NO</subfield>
    <subfield code="g">1</subfield>
    <subfield code="c">324672</subfield>
    <subfield code="d">324672</subfield>
  </datafield>
  <datafield tag="952" ind1=" " ind2=" ">
    <subfield code="0">0</subfield>
    <subfield code="1">0</subfield>
    <subfield code="4">0</subfield>
    <subfield code="6">L_26347633</subfield>
    <subfield code="7">1</subfield>
    <subfield code="a">ALBA</subfield>
    <subfield code="b">ALBA</subfield>
    <subfield code="d">2017-01-16</subfield>
    <subfield code="l">0</subfield>
    <subfield code="o">L263-47633</subfield>
    <subfield code="r">2017-01-16 00:00:00</subfield>
    <subfield code="w">2017-01-16</subfield>
    <subfield code="y">CR</subfield>
    <subfield code="z">(data import: 16 gennaio 2017) - By Epidotti, Vaglietti. </subfield>
  </datafield>
</record>
